01669nam a22002057a 450000500170000000800410001702000180005805000220007610000260009824500800012425000180020426000390022230000230026150001600028450401280044450507470057265000430131970000400136270000610140220231102151630.0140107s2012 mx a | |||| 00| 0 spa d a978607481619814aQA273bD4818 2012 aDevore, Jay L.eautor1 aProbabilidad y estadística para ingeniería y cienciascJay L. Devore /  a8a. Edición aMéxicob : Cengage Learnigc2012 axii, 687 páginas aOriente: Educación Mixta / Informática / Material Complementario / (22 000172); Educación Mixta / Informática / Estadística (B15-1) / (22 001328) aContenido (pp.VII) Prefacio (pp.XIII) Apéndice (pp.A-1) Glosario de símbolos y abreviaturas (pp.G-1) Índice (pp.I-1) a1) Generalidades y estadística descriptiva 2) Probabilidad 3) Variables aleatorias discretas y distribuciones de probabilidad 4) Variables aleatorias continuas y distribuciones de probabilidad 5) Distribuciones de probabilidad conjunta y muestras aleatorias 6) Estimación puntual 7) Intervalos estadísticos basados en una sola muestra 8) Pruebas de hipótesis basadas en una sola muestra 9) Inferencias basadas en dos muestras 10) Análisis de la varianza 11) Análisis multifactorial de la varianza 12) Regresión lineal simple y correlación 13) Regresión multiple y no lineal 14) Pruebas de bondad de ajuste y análisis de datos categóricos 15) Procedimientos de distribución libre 16) Métodos de control de calidad1 aEstadísticavInformáticazMéxico aPatricia Solorio GómezeTraductor aAna Elizabeth García HernándezeRevisión Técnica